| 000 | 00387nam a2200145Ia 4500 | ||
|---|---|---|---|
| 008 | 230719s9999 xx 000 0 und d | ||
| 041 | _aeng | ||
| 082 |
_a658.4 _bJOS |
||
| 100 |
_aJoshi V. _9112973 |
||
| 245 | _aLeadership And Personality Development | ||
| 260 |
_c2011 _bSymbiosis Centre for Distance Learning |
||
| 300 | _a254 | ||
| 365 |
_cRs. _b127.00 |
||
| 700 |
_aJoshi V. _9112973 |
||
| 999 |
_c354506 _d354506 |
||